| 000 | 00440cam a2200181ua 4500 | ||
|---|---|---|---|
| 020 | _c24.00 | ||
| 041 |
_aeng _h |
||
| 082 |
_a671 _bDEG/ME |
||
| 100 | _aDegroat, George.H . | ||
| 245 |
_aMetal working automation / _cH.George Degroat. _hTextual Documents |
||
| 250 |
_a1 / _b. |
||
| 260 |
_a : _bMcGraw Hill Book Company , _c1962. |
||
| 300 | _a332 ; . | ||
| 365 | _a24.00 | ||
| 504 | _a | ||
| 942 | _cBK | ||
| 999 |
_c2474 _d2474 |
||